World Tourist Attractions - Statistics

General Stats
  • This quiz has been taken 2,016 times
    2,014 since last reset
  • The average score is 11 of 20
Answer Stats
Description Attraction % Correct
A statue gift from the French to America Statue of Liberty
85%
Mile deep Colorado River canyon Grand Canyon
82%
Built in Paris for the World Fair in 1889 Eiffel Tower
80%
Mughal white marble mausoleum, Agra Taj Mahal
77%
World's longest wall Great Wall of China
76%
San Francisco Bay bridge Golden Gate Bridge
74%
Largest ampitheatre in the Roman Empire Colosseum
70%
Prehistoric circular monument Stonehenge
58%
Chinese imperial palace in Beijing Forbidden City
57%
Nazi concentration camp Auschwitz
56%
Red rocked inselberg in the middle of Australia Uluru
53%
National park on a super volcano Yellowstone
49%
Trade routes from East Asia to the Mediterranean Silk Road
48%
Statue overlooks Rio de Janeiro Christ the Redeemer
47%
Symmetrical volcano in Japan Mount Fuji
46%
Temple dedicated to Athena Parthenon
45%
Largest waterfall in the world Victoria Falls
45%
Flat topped mountain in South Africa Table Mountain
36%
A bascule and suspension bridge Tower Bridge
17%
Largest hindu temple in the world Angkor Wat
15%
No matching quizzes found
Score Distribution
Percent of People with Each Score
Percentile by Number Answered
Your Score History
You have not taken this quiz since the last reset